000
00200 a2200097 4500
001
41982
100
_a
Hussain, S S
245
_a
History of PAF
260
_a
_b
PAF Masroor
_c
090
_c
26040
_d
26040
942
_a
NUST-CAE
_c
M
_c
17826
999
_c
277055
_d
277055